000 00483nam a2200181Ia 4500
005 20250326124227.0
008 250326s9999 xx 000 0 und d
037 _aTextbook
040 _aFMSL
_beng
_cFMSL
041 _aeng
_2eng
084 _aX:513 K8;1
_qFMSL
100 _aMandell M I
245 0 _aAdvertising
_cMandell M I
260 _aNew Jersey
_bNew Jersey, Prentice-Hall
_c1968
300 _a656p
942 _cTB
_hX:513 K8;1
999 _c1272841
_d1272841